00541cam8a220015700 4500001001200000008004100012035002000053040000900073100002900082245007500111260005500186520005600241650002400297650005500321004000700376zam00006472970717n xx eng u a(Sirsi) r136472 dUPRA aGibney, Mark.6A108881.112aA critique of norway's refugee/asylum policy and proposals for change. aOslo :bNowegian Institute of Human Rights,c1990. aThis paper examines Norway's refugee asylum policy. 4aRefugees.6S51270.1 4aUNHCR -- Migration.xUNHCR -- Migration.6S82156.1136472